000 01612nam a2200481 i 4500
001 55182
003 KOSZ 005
005 20220614145212.0
008 080901s2008 pl e |000 0 pol
015 _aUWD 2008/22532
020 _a9788301150792
_z9788301150815
035 _a991044060319705066
035 _a(PL-WaBN)b21944258-48omnis_nlop
035 _ab21944258
035 _a(OCoLC)233514251
035 _axx001122808
035 _a(PL)b0000002194425
035 _a(EXLNZ-48OMNIS_NETWORK)9910265585905606
040 _aWA N
_cWA N
_dKOSZ 005/HR
041 1 _apol
_heng
046 _k2002
080 _a33
080 _a(03)
100 1 _aBlack, John
_d(1931- )
_eAutor
245 1 0 _aSłownik ekonomii /
_cJohn Black ; [tł. Ewa Freyberg et al.].
246 1 _iTyt. oryg.:
_aDictionary of economics
260 _aWarszawa :
_bWydawnictwo Naukowe PWN,
_c2008.
300 _a640 s. ;
_c21 cm.
336 _aTekst
_btxt
_2rdacontent
337 _aBez urządzenia pośredniczącego
_bn
_2rdamedia
338 _aWolumin
_bnc
_2rdacarrier
380 _aKsiążki
388 _a2001-
500 _aTyt. oryg.: A dictionary of economics, 2002. - Na okł. błędnie przypisany ISBN.
650 7 _aNauki ekonomiczne
_2DBN
655 7 _aEncyklopedia
_2DBN
658 _aGospodarka, ekonomia, finanse
700 1 _aFreyberg, Ewa
_d(1944- )
_eTłumaczenie
710 2 _aWydawnictwo Naukowe PWN
_4pbl
856 _uhttp://koha.tu.koszalin.pl/cgi-bin/koha/opac-detail.pl?biblionumber=55182
_yKatalog online BPK
942 _2UKD
_cKS
999 _c55182
_d55182